| 000 | 00352nam a2200109Ia 4500 | ||
|---|---|---|---|
| 008 | 180205s9999 xx 000 0 und d | ||
| 020 | _a9717070601 | ||
| 100 | _aDischoso, Charina Ma. S. | ||
| 245 |
_aEnglish Plus : _bEnchancing our basic grammar (A module) |
||
| 260 |
_aMandaluyong City _bAcademic publishing corporation _c1999 |
||
| 300 | _aii, 159 pages | ||
| 999 |
_c354701 _d354701 |
||